[Event "Kolobrzeg op"]
[Site "Kolobrzeg"]
[Date "2007.08.21"]
[Round "5"]
[White "Popczynski, Przemyslaw"]
[Black "Robak, Zbigniew"]
[Result "0-1"]
[WhiteElo "2138"]
[BlackElo "2272"]
[PlyCount "74"]
[EventDate "2007.08.17"]
[EventType "swiss"]
[EventRounds "9"]
[EventCountry "POL"]
[SourceTitle "EXT 2009"]
[Source "ChessBase"]
[SourceDate "2008.11.26"]
[SourceVersion "1"]
[SourceVersionDate "2008.11.26"]
[SourceQuality "1"]

1. d4 d5 2. c4 e6 3. Nc3 c6 4. cxd5 exd5 5. Qc2 Bd6 6. Nf3 Ne7 7. Bg5 f6 8. Bh4 Bf5 9. e4 dxe4 10. Nxe4 Bb4+ 11. Kd1 Qd5 12. Bd3 Nd7 13. a3 Nc5 14. Nxc5 Bxc5 15. Bxf5 Bxd4 16. Be4 Qd7 17. Kc1 c5 18. Re1 g5 19. Bf5 Qb5 20. Nxg5 fxg5 21. Bxg5 0-0 22. Bxe7 Rxf5 23. Qxf5 Qxb2+ 24. Kd1 Qxa1+ 25. Ke2 Qb2+ 26. Kf1 Kh8 27. g3 Rg8 28. Re4 Qb5+ 29. Kg1 Qc6 30. Rxd4 cxd4 31. Bf6+ Rg7 32. Qe5 Qc1+ 33. Kg2 Qc6+ 34. f3 Qc2+ 35. Kf1 Qd1+ 36. Kf2 Qc2+ 37. Qe2 d3 0-1

[Event "POL-chT 58th 2nd League"]
[Site "Wisla"]
[Date "2002.??.??"]
[Round "?"]
[White "Popczynski, Przemyslaw"]
[Black "Zaskalski, Arkadiusz"]
[Result "0-1"]
[WhiteElo "2135"]
[BlackElo "2175"]
[PlyCount "40"]
[EventDate "2002.08.30"]
[EventType "team-swiss"]
[EventRounds "11"]
[EventCountry "POL"]
[SourceTitle "EXT 2019"]
[Source "ChessBase"]
[SourceDate "2018.10.10"]
[SourceVersion "1"]
[SourceVersionDate "2018.10.10"]
[SourceQuality "1"]

1. d4 Nf6 2. c4 c5 3. d5 b5 4. cxb5 a6 5. bxa6 Bxa6 6. Nc3 g6 7. e4 Bxf1 8. Kxf1 d6 9. h3 Bg7 10. Nge2 Qb6 11. Kg1 0-0 12. Kh2 Na6 13. Rb1 Rfb8 14. Be3 Qb4 15. a3 Qb3 16. Qd2 Nc7 17. Nc1 Qc4 18. f3 Ng4+ 19. hxg4 Bxc3 20. Qd3 Bd4 0-1

[Event "POL-chT 58th 2nd League"]
[Site "Wisla"]
[Date "2002.??.??"]
[Round "?"]
[White "Sroka, Janusz"]
[Black "Popczynski, Przemyslaw"]
[Result "1/2-1/2"]
[WhiteElo "2169"]
[BlackElo "2135"]
[PlyCount "34"]
[EventDate "2002.08.30"]
[EventType "team-swiss"]
[EventRounds "11"]
[EventCountry "POL"]
[SourceTitle "EXT 2019"]
[Source "ChessBase"]
[SourceDate "2018.10.10"]
[SourceVersion "1"]
[SourceVersionDate "2018.10.10"]
[SourceQuality "1"]

1. e4 c5 2. g3 Nc6 3. Bg2 g6 4. d3 Bg7 5. f4 e6 6. Nf3 Nge7 7. 0-0 0-0 8. c3 Rb8 9. Be3 b6 10. Qe2 Ba6 11. Bf2 d6 12. Na3 Qd7 13. Rfd1 Rbe8 14. Qe1 f5 15. exf5 gxf5 16. Ng5 h6 17. Nh3 Nc8 1/2-1/2

[Event "Milanowek op"]
[Site "Milanowek"]
[Date "2001.??.??"]
[Round "8"]
[White "Kowalska, Elzbieta"]
[Black "Popczynski, Przemyslaw"]
[Result "0-1"]
[WhiteElo "2045"]
[BlackElo "2155"]
[PlyCount "150"]
[EventDate "2001.??.??"]
[EventType "swiss"]
[EventRounds "9"]
[EventCountry "POL"]
[SourceTitle "EXT 2003"]
[Source "ChessBase"]
[SourceDate "2002.11.25"]
[SourceVersion "1"]
[SourceVersionDate "2002.11.25"]
[SourceQuality "1"]

1. e4 c5 2. Nf3 d6 3. d4 cxd4 4. Nxd4 Nf6 5. Nc3 e6 6. Bc4 a6 7. Bb3 Nc6 8. 0-0 Na5 9. f4 Nxb3 10. Nxb3 Qc7 11. a4 b6 12. Qe2 Bb7 13. Bd2 Be7 14. Kh1 0-0 15. Rad1 b5 16. axb5 axb5 17. e5 Ne8 18. Nd4 b4 19. Ncb5 Qc5 20. c3 bxc3 21. bxc3 Bd5 22. Be3 Bc4 23. Qb2 Ra2 24. Qb1 Bxf1 25. Rxf1 Qd5 26. Nf3 Ra5 27. exd6 Rxb5 28. dxe7 Rxb1 29. Rxb1 Nf6 30. exf8Q+ Kxf8 31. Bd4 Nd7 32. Ne5 Nxe5 33. fxe5 g5 34. Re1 g4 35. Kg1 h5 36. g3 Kg7 37. Rf1 Qd7 38. Rf6 Qe7 39. Kg2 Kf8 40. h3 Qb7+ 41. Kh2 gxh3 42. Rf2 Kg8 43. Kxh3 Qh1+ 44. Rh2 Qf1+ 45. Rg2 f5 46. exf6 e5 47. Bxe5 Qf5+ 48. g4 Qxe5 49. gxh5+ Kh7 50. Rf2 Qxc3+ 51. Kg2 Qc6+ 52. Kg1 Qc1+ 53. Kg2 Qg5+ 54. Kf1 Qb5+ 55. Kg1 Qb1+ 56. Kg2 Qb7+ 57. Kg3 Qf7 58. Rf5 Kh6 59. Kf4 Qc4+ 60. Ke5 Qe2+ 61. Kf4 Qh2+ 62. Ke4 Qg2+ 63. Kf4 Qd2+ 64. Ke4 Qe1+ 65. Kf4 Qh4+ 66. Kf3 Qh1+ 67. Kf4 Qf1+ 68. Ke4 Qc4+ 69. Ke5 Qf7 70. Kf4 Kh7 71. Kg5 Kg8 72. Kg4 Kf8 73. Kf4 Qc4+ 74. Ke3 Qe6+ 75. Kf4 Kf7 0-1

[Event "Milanowek op"]
[Site "Milanowek"]
[Date "2001.??.??"]
[Round "4"]
[White "Popczynski, Przemyslaw"]
[Black "Michniewski, Tomasz"]
[Result "0-1"]
[WhiteElo "2155"]
[BlackElo "2245"]
[PlyCount "50"]
[EventDate "2001.??.??"]
[EventType "swiss"]
[EventRounds "9"]
[EventCountry "POL"]
[SourceTitle "EXT 2003"]
[Source "ChessBase"]
[SourceDate "2002.11.25"]
[SourceVersion "1"]
[SourceVersionDate "2002.11.25"]
[SourceQuality "1"]

1. d4 Nf6 2. c4 g6 3. Nc3 Bg7 4. e4 0-0 5. Be2 d6 6. Bg5 c5 7. d5 e6 8. Qd2 exd5 9. Nxd5 Nbd7 10. Rd1 h6 11. Nxf6+ Nxf6 12. Bh4 g5 13. Bg3 Nxe4 14. Qc2 Bf5 15. Bd3 Re8 16. Ne2 Qa5+ 17. b4 Qxb4+ 18. Kf1 d5 19. cxd5 c4 20. Bxe4 Bxe4 21. Qc1 Bd3 22. Rd2 Rxe2 23. Rxd3 cxd3 24. d6 Rae8 25. f3 d2 0-1

[Event "Swidnica op-B"]
[Site "Swidnica"]
[Date "1999.??.??"]
[Round "3"]
[White "Gashimov, Sarkhan"]
[Black "Popczynski, Przemyslaw"]
[Result "1-0"]
[WhiteElo "2200"]
[BlackElo "2128"]
[PlyCount "53"]
[EventDate "1999.??.??"]
[EventType "swiss"]
[EventRounds "9"]
[EventCountry "POL"]
[SourceTitle "EXT 2001"]
[Source "ChessBase"]
[SourceDate "2000.11.22"]
[SourceVersion "1"]
[SourceVersionDate "2000.11.22"]
[SourceQuality "1"]

1. e4 c5 2. Nc3 d6 3. f4 g6 4. Nf3 Bg7 5. Bc4 Nc6 6. 0-0 e6 7. d3 Nge7 8. Qe1 0-0 9. f5 exf5 10. Qh4 d5 11. exd5 Ne5 12. Bg5 Re8 13. Nxe5 Bxe5 14. Rae1 f6 15. d6+ Kg7 16. Bh6+ Kh8 17. Rxe5 Qxd6 18. Re2 Bd7 19. Rfe1 g5 20. Qf2 a6 21. Bf7 Ng8 22. Bxe8 Nxh6 23. Bxd7 Qxd7 24. Re7 Qd6 25. R1e6 Qd8 26. Qxc5 Ng4 27. h3 1-0

[Event "POL-chT 2nd League South"]
[Site "Wisla"]
[Date "1998.??.??"]
[Round "?"]
[White "Siekaniec, Jan"]
[Black "Popczynski, Przemyslaw"]
[Result "1-0"]
[WhiteElo "2240"]
[BlackElo "2125"]
[PlyCount "71"]
[EventDate "1998.11.20"]
[EventType "team-swiss"]
[EventRounds "10"]
[EventCountry "POL"]
[SourceTitle "EXT 2000"]
[Source "ChessBase"]
[SourceDate "1999.11.16"]
[SourceVersion "1"]
[SourceVersionDate "1999.11.16"]
[SourceQuality "1"]

1. e4 c5 2. Nf3 d6 3. d4 cxd4 4. Nxd4 Nf6 5. Nc3 e6 6. Be2 a6 7. a4 Qc7 8. 0-0 b6 9. Kh1 Bb7 10. Bd3 Nbd7 11. f4 Nc5 12. Qe2 d5 13. exd5 Nxd5 14. Nxd5 Bxd5 15. Bc4 Bxc4 16. Qxc4 Bd6 17. Qe2 0-0 18. b3 Rfd8 19. b4 Nb7 20. Qe4 Rac8 21. Ra3 Bxb4 22. Rh3 g6 23. f5 Qc4 24. Rd1 exf5 25. Qh4 h5 26. Be3 Nc5 27. Rg1 Ne6 28. Nxe6 fxe6 29. Qf6 Bc3 30. Qxg6+ Bg7 31. Rg3 Rd7 32. Bh6 Qc7 33. Qxe6+ Kh8 34. Bxg7+ Rxg7 35. Qh6+ Kg8 36. Rxg7+ 1-0